000 01019nam a2200253Ia 4500
003 OSt
005 20221005105724.0
006 a|||||r|||| 00| 0
007 ta
008 221004b |||||||| |||| 00| 0 hin d
020 _a9788189997397 (hbk)
_c300
024 _a99732
037 _b377, 04/03/2010, Swaraj Prakashan
_cTextual
040 _aCRL
_cCRL
_bhin
041 _2hin
_ahin
082 _aO152,2N314:g, P9
100 _aराहुल सिद्धार्थ
245 0 _aसुरेन्द्र वर्मा
_b नाट्य संभावनाएॅं और रंग प्रयोग
246 _aSurendra varmā: nāṭya sanbhāvanāeॅan aur ranga prayoga
260 _aनई दिल्ली
_bश्री नटराज प्रकाशन भारत
_c2009
300 _a190पृ0
_ccm.
942 _hO152,2N314:g, P9
_cTEXL
_2cc
999 _c1016702
_d1016702